00556nam a2200169Ia 4500008004100000020001800041041000800059082001700067100001400084245002200098250000600120260006500126300001300191650003000204999001900234952013300253210716s2016 xx 000 0 und d a9789352134274 aeng a005.768 FRYB aFry, Ben. aVisualizing data. a1 aNew DelhibShroff Publishers and Distributors Pvt Ltdc2016 axiii,366 aDecision making(658.403) c195882d195882 001040708MCAaAIMITbAIMITeShroff Publishersg800.00l0o005.768 FRYBpMCA15395r2025-07-21 00:00:00v600.00w2021-07-16yBK